| 000 | 00433nam a22001457a 4500 | ||
|---|---|---|---|
| 008 | 190619b xxu||||| |||| 00| 0 eng d | ||
| 020 | _a0553564013 | ||
| 050 |
_aPZ 7 _b.P119c142 1993 |
||
| 100 | _aEdward Packard | ||
| 245 |
_aChoose your own adventure: _bThe Reality machine/ _cEdward Packard |
||
| 260 |
_aNew York: _bBantam Books _c1993. |
||
| 300 | _a118 p. ; ill. : 170 cm. | ||
| 440 | _aThe Reality Machine | ||
| 942 |
_2lcc _cBK |
||
| 999 |
_c361917 _d361917 |
||